| 000 | nam a22 7a 4500 | ||
|---|---|---|---|
| 999 |
_c126600 _d126600 |
||
| 008 | 170809b xxu||||| |||| 00| 0 eng d | ||
| 050 | _aKQC572.C363 | ||
| 110 |
_aCatholic Commission for Justice and Peace in Zimbabwe _928867 |
||
| 245 |
_aThe African Charter on Human and Peoples' rights _cCatholic Commission for Justice and Peace in Zimbabwe |
||
| 260 |
_aHarare _bCatholic Commission for Justice and Peace in Zimbabwe _c1989 |
||
| 300 |
_a16p. ; _c21cm. |
||
| 650 |
_aAfrican charter _934652 |
||
| 650 |
_aHuman rights _zAfrica _919054 |
||
| 942 |
_2lcc _cMONOGRAPH |
||